000 00440nam a22001697a 4500
005 20170822174919.0
008 130801b xxu||||| |||| 00| 0 eng d
020 _a0668045779
040 _aBSU
_cBSU
082 _222
_a615.53 VIT
100 _avithoulkas,George
_913028
245 _aHomeopathy:Medicine of the New Man
260 _aNew York
_bArco Publishing Inc
_c1979
300 _a1;154p
_c20cm
658 _aMedicine
942 _2ddc
_cBK
999 _c6117
_d6117